Plano de longo prazo de Mato Grosso: (Record no. 1515)

MARC details
000 -LÍDER
Campo Fixo de Controle 01170nam a22002777a 4500
001 - NÚMERO DE CONTROLE
Campo de Controle 1515
003 - IDENTIFICAÇÃO DO NÚMERO DE CONTROLE
Campo de Controle BR-CuiBMT
005 - DATA E HORA DA ÚLTIMA ATUALIZAÇÃO
Campo de Controle 20231215231140.0
008 - DADOS FIXOS
Dados Fixos 231213s2012 mtba 000 0 por d
020 ## - INTERNATIONAL STANDARD BOOK NUMBER
Nº do ISBN 9788580600556
040 ## - AGÊNCIA CATALOGADORA
Código da Agência Catalogadora BR-CuiBMT
Agência que transcreveu o registro BR-CuiBMT
080 ## - Nº DA CLASSIFICAÇÃO DECIMAL UNIVERSAL
Nº Class. CDU 351.712.2.025
Subd. Auxiliar Comum (817.2)
Nº edição CDU 2007
090 ## - NÚMERO DE CHAMADA
Nº classificação 351.712.2.025(817.2)
Cutter M433p
110 1# - ENTRADA PRINCIPAL -- ENTIDADE
Nome da entidade ou lugar Mato Grosso.
Unidade subordinada Secretaria de Planejamento e Coordenação Geral.
245 00 - TÍTULO PRINCIPAL
Título principal Plano de longo prazo de Mato Grosso:
Subtítulo macro-objetivos, metas globais, eixos estratégicos, estratégias e linhas estruturantes /
Indicação de responsabilidade Secretaria de Estado de Planejamento e Coordenação Geral ; José Gonçalves Botelho do Prado, Regiane Berchieli, Luceni Grassi de Oliveira (orgs.).
260 ## - PUBLICAÇÃO, DISTRIBUIÇÃO, ETC.
Local de publicação Cuiabá :
Editora Central de Texto,
Data 2012.
300 ## - DESCRIÇÃO FÍSICA
N. páginas ou volumes 104 p. :
Ilustrações il. color. ;
Dimensões 28 cm
504 ## - NOTA DE BIBLIOGRAFIA, ETC.
Nota de bibliografia Inclui bibliografia.
650 ## - ASSUNTO TÓPICO
Cabeçalho tópico ou nome geográfico Administração pública
Subdivisão geográfica Mato Grosso
650 ## - ASSUNTO TÓPICO
Cabeçalho tópico ou nome geográfico Desenvolvimento sustentável
Subdivisão geográfica Mato Grosso
650 ## - ASSUNTO TÓPICO
Cabeçalho tópico ou nome geográfico Planos
Subdivisão geral Estudos preliminares
700 1# - ENTRADA SECUNDÁRIA -- NOME PESSOAL
Nome pessoal Prado, José Gonçalves Botelho do
Cód. do termo explicativo org.
700 1# - ENTRADA SECUNDÁRIA -- NOME PESSOAL
Nome pessoal Berchieli, Regiane
Cód. do termo explicativo org.
700 1# - ENTRADA SECUNDÁRIA -- NOME PESSOAL
Nome pessoal Oliveira, Luceni Grassi de
Cód. do termo explicativo org.
942 ## - ELEMENTOS DE ENTRADA ADICIONAIS (KOHA)
Fonte de classificação ou esquema de arquivamento Classificação Decimal Universal
Tipo de item do Koha Livros
Holdings
Estado: removido Estado: perdido Fonte de classificação ou esquema de arquivamento Estado: danificado Indisponível para empréstimo Localização permanente Localização atual Data de aquisição Total Checkouts Número de Chamada completo Código de barras Date last seen Número do exemplar Preço efetivo a partir de Tipo de item (Koha)
    Classificação Decimal Universal     Biblioteca da Escola Superior de Contas do TCE/MT Biblioteca da Escola Superior de Contas do TCE/MT 13/12/2023   351.712.2.025(817.2) M433p BIBTCEMT23120439 13/12/2023 Ex. 1 13/12/2023 Livros
    Classificação Decimal Universal     Biblioteca da Escola Superior de Contas do TCE/MT Biblioteca da Escola Superior de Contas do TCE/MT 14/12/2023   351.712.2.025(817.2) M433p BIBTCEMT23120499 14/12/2023 Ex. 2 14/12/2023 Livros

Powered by Koha